Komparácia ponúk úverov komerčných bánk na Slovensku bakalárska práca

Salvato in:
Dettagli Bibliografici
Autore principale: Poláček, Patrik
Ente Autore: Národohospodárska fakulta EU. Katedra bankovníctva a medzinárodných financií
Altri autori: Žoldáková, Natália, 1985-
Natura: Libro
Lingua:slovacco
Pubblicazione: Bratislava 2017
Tags: Aggiungi Tag
Nessun Tag, puoi essere il primo ad aggiungerne!!

MARC

LEADER 00000nbm a2200000 4500
001 0233700
005 20240913083948.4
041 0 |a slo 
044 |a SK 
245 1 0 |a Komparácia ponúk úverov komerčných bánk na Slovensku  |b bakalárska práca  |c Patrik Poláček ; školiteľ: Natália Zelenková 
264 1 |a Bratislava  |c 2017 
300 |a 39 s. 
100 1 |a Poláček, Patrik 
700 1 |a Žoldáková, Natália, 1985- 
710 2 |a Národohospodárska fakulta EU. Katedra bankovníctva a medzinárodných financií